[Event "Treppenturnier 2023"]
[Site "Turnierstufe"]
[Date "2024.04.30"]
[Round "31-1"]
[White "Chess Challenger"]
[Black "Milano"]
[Result "1-0"]
[WhiteElo "2046"]
[BlackElo "2023"]
[PlyCount "102"]

1.c4 e5 2.Nc3 Nf6 3.g3 d5 4.cxd5 Nxd5 5.Bg2 {Buchende.} 5...Nb6 6.Nf3 Nc6 7.O-O 
Be7 {Buchende.} 8.a4 Be6 9.a5 Nd5 10.a6 Nxc3 11.bxc3 b5 12.d4 e4 13.Ne1 Bd5 
14.f3 exf3 15.Bxf3 Bxf3 16.Nxf3 Qd5 17.Bf4 Rc8 18.Qd3 O-O 19.e4 {Weiß steht klar
besser. Es wirkt, als habe der Challenger mit seinem Manöver a4-a5-a6 den
starken Positionsspieler Milano aus dem Konzept gebracht.} 19...Qh5 20.d5 Bc5+ 
21.Kh1 Ne7 22.Qxb5 Bb6 23.c4 Ng6 24.c5 c6 25.Qb4 Bd8 26.Qb7 ( {Stärker ist erst} 
26.Bd6 $1 {zu spielen und dann} 26...Be7 ( 26...Ne7 27.Qb7 Re8 28.Qxa7 {...} ) 
( 26...Re8 27.Qb7 Bf6 28.Rab1 {...} ) 27.Bxe7 Nxe7 28.d6 Ng6 29.Rab1 {...} ) 
26...Bf6 27.e5 Rb8 28.Qxc6 Bxe5 29.Bxe5 Nxe5 30.Nxe5 Qxe5 31.Rae1 Qh5 32.Qd6 
{Die weiße Stellung sieht immer noch stark aus.} 32...Rbd8 $6 ( 32...Rb2 $1 
{Natürlich und gut.} 33.g4 {Jeder andere Gegenzug verliert.} ( 33.Rf2 Rxf2 
34.g4 Qxg4 35.Qg3 Qd4 36.Qe3 Qxd5+ 37.Qe4 Qh5 {...} ) ( 33.h4 {Matt in 8} 
33...Qg4 34.Kg1 Qd4+ 35.Kh1 Qd2 36.Qxf8+ Kxf8 37.Rxf7+ Kxf7 38.Re7+ Kxe7 39.d6+ 
Ke6 40.d7 Qg2# ) ( 33.Qxf8+ {Matt in 5} 33...Kxf8 34.Re8+ Kxe8 35.Re1+ Kd8 
36.Kg1 Qxh2+ 37.Kf1 Qg2# ) ( 33.Re2 {Matt in 4} 33...Qxe2 34.Qxf8+ Kxf8 
35.Rxf7+ Kxf7 36.d6 Qg2# ) 33...Qxg4 34.Qg3 Qd4 35.Qe5 Qd2 {... mit Aussicht auf
Remis.} ) 33.Qe5 Rxd5 34.Qxh5 Rxh5 35.Re7 Rxc5 36.Rxa7 Ra5 $10 37.Kg2 f5 38.Rb1 
Ra2+ 39.Kf3 Rxh2 $2 {(-0.34) nach 5'12'' gespielt und schlecht. Der Verlust
liegt weit hinterm Horizont.} 40.Rbb7 {(+0.8)} 40...g6 41.Rc7 {Ist OK. Der Sieg
liegt aber auch weit hinter dem Horizont.} ( {Hiarcs sagt:} 41.Rg7+ Kh8 42.Rab7 
f4 43.gxf4 g5 44.a7 gxf4 ( 44...Ra8 45.Rxg5 Rc2 46.Rh5 Rc3+ 47.Kg4 Kg8 48.Rhxh7 
Rc1 49.Rhc7 Rg1+ 50.Kf3 Rf8 51.Rb8 Rf1+ 52.Ke2 Ra1 53.Rxf8+ Kxf8 54.Rc8+ Kg7 
55.a8=Q Rxa8 56.Rxa8 {...} ) 45.Rg5 h6 46.Rb8 Rh3+ 47.Kg2 Ra3 48.Rxf8+ Kh7 
49.a8=Q Rxa8 50.Rg7+ Kxg7 51.Rxa8 {und Ende Gelände.} ) 41...Rd8 42.Kf4 $6 
{Weiß hat noch nicht gewonnen.} ( {Wiederum:} 42.Rg7+ Kh8 43.Rgd7 Re8 44.Re7 
Rc8 45.Rac7 Rd8 46.Red7 Re8 47.a7 {usw.} ) 42...Rd4+ 43.Kg5 Rd8 44.Rg7+ Kh8 
45.Rad7 Rc8 46.Rc7 Ra8 47.a7 Rf8 48.Rb7 Rh5+ 49.Kf4 Rh1 50.Rgd7 {(+2.2)} 
50...g5+ {(-1.77)} 51.Kf3 Rc8 {Milano gibt auf.} ( 51...Rc8 52.Rb8 {Matt in 9.} 
52...Rc1 53.a8=Q Rc3+ 54.Kg2 Rc2+ 55.Kh3 g4+ 56.Kh4 Rh2+ 57.Kg5 h6+ 58.Kg6 Re2 
59.Rxc8+ Re8 60.Rxe8# ) 1-0

[Event "Treppenturnier 2023"]
[Site "Turnierstufe"]
[Date "2024.05.03"]
[Round "31-2"]
[White "Milano"]
[Black "Chess Challenger"]
[Result "1/2-1/2"]
[WhiteElo "2014"]
[BlackElo "2055"]
[PlyCount "28"]

1.c4 c5 2.Nc3 Nc6 3.Nf3 Nf6 4.g3 {Buchende.} 4...d5 5.cxd5 Nxd5 {Buchende.} 
6.Nxd5 Qxd5 7.Bg2 e5 8.d3 Be7 9.O-O O-O 10.Be3 Qe6 11.Ng5 Qg6 12.Nf3 Qe6 13.Ng5 
Qg6 14.Nf3 Qe6 {Beide reklamieren Remis 3x.} 1/2-1/2

[Event "Treppenturnier 2023"]
[Site "Turnierstufe"]
[Date "2024.05.04"]
[Round "31-3"]
[White "Chess Challenger"]
[Black "Milano"]
[Result "1-0"]
[WhiteElo "2054"]
[BlackElo "2015"]
[PlyCount "106"]

1.d4 d5 2.c4 e6 3.Nf3 Nf6 4.g3 {Buchende.} 4...Be7 {Buchende.} 5.cxd5 exd5 
6.Bg2 Bf5 7.Qb3 b6 8.O-O c5 $6 ( {Besser ist sicherlich} 8...c6 {oder} ) ( 
8...O-O ) 9.dxc5 bxc5 10.Ne5 $1 {Schwarz hat nun Schwächen am Damenflügel (a4,
b5) und in der Mitte (d5).} 10...a5 11.Nc3 Be6 {(-0.70)} 12.Rd1 {(+1.4)} 
12...O-O 13.Nxd5 {Und der wichtige Zentrumsbauer ist weg.} 13...Nxd5 14.Bxd5 
Bxd5 15.Rxd5 Qc7 16.Bf4 a4 17.Qf3 g5 $6 ( 17...Qc8 ) 18.Bd2 ( 18.Nd7 $1 gxf4 
{Was sonst?} 19.Qg4+ Kh8 20.Nxf8 Ra6 ( 20...Bxf8 21.Rg5 Bg7 22.Rxg7 Nc6 23.Rd1 
{...} ) 21.Rad1 Bxf8 22.Rd8 Rg6 23.Rxf8+ Kg7 24.Qc8 Qxc8 25.Rxc8 {...} ) 
18...Ra6 19.Nc4 h6 20.Bc3 Nd7 21.Rad1 $18 {Es sieht ganz schlecht aus für
Milano. Alle weißen Figuren stehen optimal, es fällt zwangsläufig weiteres
Material.} 21...Nf6 22.Bxf6 ( {Ein Bombenzug ist} 22.Rd6 $3 Rd8 ( 22...Rxd6 
23.Rxd6 Bxd6 24.Qxf6 {und baldiges Matt.} ) ( 22...Bxd6 23.Qxf6 Be5 24.Qxa6 
Bxc3 25.bxc3 {...} ) 23.Rxa6 Rxd1+ 24.Kg2 g4 ( 24...Nh7 25.Rxh6 Bf8 26.Rxh7 
Kxh7 27.Qf5+ Kg8 28.Qxg5+ Kh7 29.Qh5+ Bh6 30.Qf5+ Kg8 31.Qf6 {...} ) 25.Qa8+ 
Kg7 26.Ne3 Rd8 27.Qe4 Rd6 28.Rxd6 Qxd6 29.Nf5+ Kf8 30.Nxd6 Nxe4 31.Nxe4 {... Das
alles ist natürlich weit hinterm Horizont der Oldies.} ) 22...Bxf6 23.Qf5 Bd4 
{Der bringt nichts, aber Milano hat nicht wirklich bessere Züge.} 24.e3 Bg7 ( 
24...Rf6 $2 25.Qd7 Qxd7 26.Rxd7 Bxb2 27.Nxb2 {...} ) 25.Rd7 Qb8 26.Qxc5 Bxb2 
27.Nd6 {Die Schlinge zieht sich zu.} 27...Qb6 {Noch der beste Gegenzug.} 28.Qc4 
Qc6 29.Rxf7 Qxc4 30.Rxf8+ Kxf8 31.Nxc4 Bg7 32.Rd7 Rc6 33.Nd6 Be5 34.Nf7 Bc3 
{Saitek hat zwei Mehrbauern, aber es wird nicht leicht für ihn, damit zu
gewinnen.} 35.f4 $6 ( 35.Rd6 Rc5 {Abtausch ist schlecht für Schwarz.} 36.Nxh6 
a3 37.Ra6 {...} ) 35...Rf6 36.Nd6 Bd2 37.Nc4 Bb4 38.Rb7 Bc5 39.Kg2 Re6 40.Kf3 
Re7 41.Rxe7 Kxe7 {Das muss Weiß nun definitiv gewinnen.} 42.Kg4 gxf4 43.gxf4 
Kf6 44.e4 Bg1 45.h3 Bd4 46.Kh5 Ba7 47.Kxh6 Bb8 48.f5 Bf4+ 49.Kh5 Bc1 50.Kg4 Bh6 
51.e5+ Ke7 52.Nb6 a3 53.Nd5+ Kf8 {und Milano gibt auf.} 1-0

[Event "Treppenturnier 2023"]
[Site "Turnierstufe"]
[Date "2024.05.06"]
[Round "31-4"]
[White "Milano"]
[Black "Chess Challenger"]
[Result "1-0"]
[WhiteElo "2006"]
[BlackElo "2063"]
[PlyCount "157"]

1.d4 d5 2.c4 c6 3.Nf3 Nf6 4.Nc3 e6 5.e3 Nbd7 {Buchende.} 6.Qc2 Bd6 7.Be2 O-O 
8.O-O {Buchende.} 8...Re8 9.Bd2 b6 10.e4 dxe4 11.Nxe4 Nxe4 12.Qxe4 Bb7 13.Rad1 
Nf6 14.Qh4 Be7 15.Bf4 Nd5 16.Bg5 Bxg5 17.Qxg5 Qxg5 18.Nxg5 Nf6 19.f4 h6 20.Nf3 
Rad8 21.Ne5 Rd6 22.Rd3 Red8 23.Rfd1 a5 24.Bf3 {Milano hat einen starken Aufbau
hinbekommen, während der schwarze Damenflügel (besonders c6) hilfsbedürftig
ist.} 24...a4 25.b4 Ba6 26.h4 Kf8 27.R1d2 Rc8 28.Ra3 {Sieht eigenartig aus - ist
aber der richtige Zug.} 28...b5 29.c5 Rd5 30.Bxd5 {Nicht unbedingt das Beste,
weil der schwarze Springer dort sehr stark ist.} ( {Wie wäre es zunächst mit
weiterer "Massage"? z.B:} 30.g4 Rc7 31.g5 Ng8 32.f5 Bc8 33.Bxd5 exd5 34.Rf3 
{...} ) 30...Nxd5 31.Rb2 Bb7 32.Rf3 f6 33.Nd3 Rd8 34.Kf2 Nc7 35.Ke3 Nd5+ 36.Kd2 
Nc7 37.g4 Rxd4 38.Ke3 Rd8 39.Ke4 g6 ( {Challenger sollte} 39...Nd5 $1 
{versuchen und es wird schwer für Weiß, einen Vorteil zu erzielen.} ) 40.g5 f5+ 
41.Ke3 ( 41.Ke5 $4 Kf7 42.gxh6 Rd5# ) 41...Nd5+ 42.Kf2 Nc3 43.Rc2 Ne4+ 44.Ke3 
Kg7 45.Ne5 Rh8 46.gxh6+ Rxh6 47.Rg2 Nf6 48.Rfg3 {Milano 'weiß', was zu tun ist.} 
48...Nd5+ 49.Kf3 Nxf4 {Verzweiflung. Auch andere Züge helfen nicht mehr.} 
50.Kxf4 Rxh4+ 51.Kf3 Kf6 ( 51...Rxb4 $2 52.Rxg6+ Kf8 53.Rg8+ Ke7 54.R2g7+ Kf6 
55.Nd7# ) 52.Nd7+ Ke7 53.Rxg6 Rh3+ 54.Kf2 Kxd7 55.Rg7+ Ke8 56.Rxb7 Kf8 57.Rc7 ( 
57.Rgg7 {Matt in 10.} 57...Rd3 58.Rgc7 Rd8 59.Kg3 e5 60.Kh4 a3 61.Kg5 Kg8 
62.Rg7+ Kh8 63.Kh6 e4 64.Rh7+ Kg8 65.Rbg7+ Kf8 66.Rh8# ) 57...Rh4 58.Rxc6 Kf7 
59.a3 Rf4+ 60.Kg3 {(+4.61)} 60...Re4 {(+4.5) Rest in je 1 Stunde. Keine
Zugsymbole mehr.} 61.Rf2 Re3+ 62.Rf3 Rb3 63.Rb6 e5 64.Rxb5 e4 65.Rxb3 axb3 
66.c6 b2 67.Rxf5+ Ke6 68.Rf1 Kd6 69.b5 {Gönnen wir Milano das Mattsetzen.} 
69...e3 70.Kf3 Kc7 71.Rb1 Kb6 72.Rxb2 e2 73.Kxe2 Kc7 74.Rc2 Kb6 75.c7 
{Mattankündigung.} 75...Ka5 76.c8=Q Ka4 77.Qc3 Kxb5 78.Qc6+ Ka5 79.Rc5# 1-0

[Event "Treppenturnier 2023"]
[Site "Turnierstufe"]
[Date "2024.05.08"]
[Round "32-1"]
[White "Chess Challenger"]
[Black "Explorer Pro"]
[Result "0-1"]
[WhiteElo "2051"]
[BlackElo "2022"]
[PlyCount "98"]

1.d4 Nf6 2.Nc3 c5 3.d5 g6 4.e4 {Buchende.} 4...d6 {Buchende.} 5.f4 Qa5 6.Bd2 
Bg7 7.e5 {Wenn dieser Hurra-Stil mal gut geht...} 7...dxe5 8.fxe5 Nfd7 9.e6 
fxe6 10.dxe6 Ne5 11.Bb5+ Nbc6 12.Nd5 {Challenger spielt viel zu ungestüm.} 
12...Qd8 13.Nf4 O-O 14.c3 Qb6 ( 14...g5 $1 15.Nh5 c4 $1 16.Nf3 Nd3+ 17.Ke2 Qd5 
18.Bxc6 Qxe6+ 19.Be3 Qxc6 {... Weiß kann aufgeben.} ) 15.Qb3 c4 16.Bxc4 Rxf4 ( 
{Es gewinnen auch} 16...g5 ) ( 16...Nxc4 {oder} ) ( 16...Na5 ) 17.Bxf4 Nxc4 
18.O-O-O Bxe6 19.Nf3 Qxb3 20.axb3 Nb6 21.b4 Rf8 22.Bg5 Bg4 23.Rhf1 Rf5 24.Bh4 
Nc4 25.Rfe1 Bh6+ 26.Kb1 Ne3 27.Rd2 Nxg2 28.Rxg2 Bxf3 29.Rf2 e5 30.b5 Na5 31.Ka2 
e4 32.b6 axb6 33.b3 e3 34.Rc2 Nc6 35.Bg3 Ne5 36.Bxe5 Rxe5 37.Ka1 Bg5 38.Rcc1 e2 
39.Rb1 Rd5 40.Kb2 Rd1 41.Rg1 Bd2 42.Ra1 Kf7 43.Raxd1 exd1=Q 44.Rxd1 Bxd1 45.c4 
Bg4 ( 45...Bb4 {HIARCS 15.3.1: #-13/39} 46.c5 bxc5 47.Ka2 h5 48.Kb2 g5 49.Ka2 
g4 50.Kb2 Be2 51.Kc1 h4 52.Kb2 Bd3 53.Ka1 g3 54.hxg3 hxg3 55.Ka2 g2 56.Kb2 g1=Q 
57.Ka2 Qb1# ) 46.Kc2 Bf4 47.h4 h6 48.Kd3 Bg3 49.Kd4 Bxh4 {Das muss man nun
wirklich nicht zu Ende spielen.} 0-1

[Event "Treppenturnier 2023"]
[Site "Turnierstufe"]
[Date "2024.05.09"]
[Round "32-2"]
[White "Explorer Pro"]
[Black "Chess Challenger"]
[Result "1-0"]
[WhiteElo "2033"]
[BlackElo "2040"]
[PlyCount "105"]

1.d4 e6 2.c4 Nf6 3.Nc3 Bb4 4.e3 c5 5.Bd3 O-O 6.Nf3 {Buchende.} 6...d5 
{Buchende.} 7.cxd5 cxd4 8.Nxd4 e5 9.Ne2 Qxd5 10.O-O Qa5 11.a3 Be7 12.Ne4 Nxe4 
13.Bxe4 Rd8 14.Qc2 h6 15.Nc3 Na6 16.Rd1 Rxd1+ 17.Qxd1 Bg5 18.Bf3 $10 {Alles ist
im Lot.} 18...Qb6 19.Qd5 Qc5 20.Nb5 Qxd5 21.Bxd5 Nc5 22.b4 Be6 23.Bxe6 Nxe6 
24.Bb2 f6 25.g3 a6 $6 ( {Besser} 25...h5 {, der Läufer ist gefährdet.} ) 26.Nd6 
Rd8 {Was sonst?} ( {Es geht noch} 26...h5 27.Nxb7 Rb8 28.Na5 {...} ) 27.Nxb7 
Rd7 28.Nc5 Nxc5 29.bxc5 Rd2 $2 {Sieht gut aus, ist es aber nicht.} 30.Rb1 $1 
{Der richtige Gegenzug.} ( 30.Bc1 $6 Rd1+ 31.Kg2 f5 32.c6 Rd6 33.c7 Rc6 {...} ) 
30...h5 $2 {Nun ist der Bauer nur noch mit einem Turmopfer aufzuhalten.} ( 
{Nötig ist} 30...Rc2 {, wenn Schwarz noch ein wenig spielen will.} ) 31.c6 Rd8 
32.c7 Rc8 33.Bxe5 $1 {und Ende.} 33...Kf7 34.Rb8 Rxc7 35.Bxc7 Bh6 36.Ra8 
{(+6.3)} 36...g6 {(+6.4)} 37.Rxa6 Bf8 38.Kg2 {Das Programm will den König
zentrieren, schneller ist natürlich:} ( 38.Bd6 {bzw.} ) ( 38.a4 ) 38...Bc5 
39.h4 Be7 40.Kf3 Bf8 41.Bb6 {Warum einfach spielen, wenn es auch umständlich
geht ...} 41...Bg7 42.Ra7+ Kg8 43.Bd4 Kf8 44.Ke4 f5+ 45.Kf4 Bh6+ 46.Ke5 Bg7+ 
47.Ke6 Bxd4 48.exd4 f4 49.d5 {Mattankündigung.} 49...fxg3 50.d6 gxf2 51.d7 Kg7 
52.d8=Q+ Kh6 53.Qg5# 1-0

[Event "Treppenturnier 2023"]
[Site "Turnierstufe"]
[Date "2024.05.11"]
[Round "32-3"]
[White "Chess Challenger"]
[Black "Explorer Pro"]
[Result "0-1"]
[WhiteElo "2030"]
[BlackElo "2043"]
[PlyCount "61"]

1.Nf3 Nf6 2.d4 e6 3.c4 b6 4.a3 d5 {Buchende.} 5.Nc3 {Buchende.} 5...Bb7 6.e3 
Bd6 7.cxd5 exd5 8.Qa4+ c6 9.Bd3 O-O 10.O-O Bc8 11.Bd2 Re8 12.Rac1 Bg4 13.Ne1 
Bh5 14.Nc2 a5 15.b4 Qc7 16.h3 b5 17.Qb3 Nbd7 18.Rfe1 Nb6 19.Ne2 Nc4 {Langsam
aber sicher wird Weiß eingeschnürt.} 20.Bc3 Ne4 21.Bxe4 Rxe4 22.Ba1 {Nun folgt
ein richtig starker Angriff:} 22...Rh4 $1 23.Bc3 $2 Bh2+ $1 24.Kf1 Qd7 $1 
25.Red1 Rxh3 $1 26.Re1 Qf5 $1 27.Ng1 Bxg1 28.Kxg1 Bf3 $1 {Mattankündigung.} 
29.Rf1 Rh1+ 30.Kxh1 Qh3+ 31.Kg1 0-1

[Event "Treppenturnier 2023"]
[Site "Turnierstufe"]
[Date "2024.05.13"]
[Round "32-4"]
[White "Explorer Pro"]
[Black "Chess Challenger"]
[Result "1/2-1/2"]
[WhiteElo "2053"]
[BlackElo "2020"]
[PlyCount "160"]

1.d4 c6 2.e4 d5 3.Nc3 dxe4 4.Nxe4 Nd7 5.Bc4 Ngf6 6.Ng5 e6 7.Qe2 Nb6 8.Bb3 h6 
9.N5f3 {Buchende.} 9...c5 {Buchende.} 10.Be3 cxd4 11.Bxd4 Bd6 12.Rd1 Qc7 13.Nh3 
O-O $6 ( 13...Nbd7 ) 14.Bxf6 gxf6 15.Qd2 Be5 $2 16.c3 $6 {Verpasst den schnellen
Sieg.} ( {Es geht:} 16.Qxh6 $1 {und dann z.B.} 16...Bxb2 17.O-O Nd5 18.Nd4 Re8 
19.Rd3 Qe5 20.Rg3+ {...} ( {oder noch besser:} 20.Ne2 f5 21.Rg3+ {... und
gewinnt.} ) ) 16...Kg7 17.O-O Bd7 18.Nxe5 fxe5 19.Qd6 Qxd6 20.Rxd6 $10 Bb5 
21.Rfd1 Kf6 22.f3 Rg8 23.Kf2 Bc6 24.R6d2 e4 25.Ke3 exf3 26.gxf3 Nd5+ 27.Bxd5 
Bxd5 28.b3 b5 29.Nf4 Bc6 30.Ne2 Rac8 31.Ng3 a5 32.Rd6 Ke7 33.R6d3 f6 34.R1d2 
Rc7 35.Kf4 Bb7 36.Ne4 Bd5 37.Rxd5 exd5 38.Rxd5 b4 39.c4 a4 40.Rb5 Rg2 41.Rxb4 
Ra7 42.Kf5 Rxh2 43.Nxf6 Rxa2 $6 ( {Nach} 43...a3 $1 {kann Schwarz gewinnen,
z.B.} 44.Nd5+ Kf7 45.Rb6 Rxa2 46.Rxh6 Kg7 47.Rh1 Rb2 48.b4 a2 49.Ra1 Rb1 {...} 
) 44.bxa4 R7xa4 45.Rxa4 Rxa4 46.c5 ( {Warum nicht} 46.Ng8+ {?} ) 46...Ra1 {Das
ist wohl ein Remis.} 47.Ke5 Rc1 48.Ne4 ( {Warum macht er nicht mit} 48.Ng8+ 
{den letzten schwarzen Bauern unschädlich?} ) 48...h5 49.Kf4 Ke6 50.Kg5 Rh1 
51.c6 Ke5 52.c7 Rg1+ 53.Kxh5 Rc1 54.c8=Q Rxc8 55.Kg4 Rf8 56.Ng5 Rf4+ {Ein Mensch
würde einfach den Turm für den Bauern geben - Remis.} 57.Kg3 Rd4 58.Nf7+ Kf6 
59.Nh6 Kg6 60.Ng4 Kf5 {Rest in je 1 Stunde.} 61.Ne3+ Kg5 62.Ng4 Rd3 63.Nf2 Rd7 
64.Ng4 Rh7 65.Ne3 Rh4 66.Ng4 Rh8 67.Ne3 Rf8 68.Ng2 Kf5 69.Nh4+ Ke6 70.Kg4 Rg8+ 
71.Kf4 Ra8 72.Kg4 Rb8 73.f4 Rg8+ 74.Kf3 Rg1 75.Ng2 Kd5 76.Ne3+ Kd4 77.Nf5+ Kc4 
78.Ke2 Rg6 79.Ne3+ Kd4 80.Kf3 Rf6 {Und Schluss an dieser Stelle. Challenger kann
stets seinen Turm für das Unentschieden opfern} 1/2-1/2

[Event "Treppenturnier 2023"]
[Site "Turnierstufe"]
[Date "2024.05.20"]
[Round "33-1"]
[White "Explorer Pro"]
[Black "Citrine"]
[Result "0-1"]
[WhiteElo "2052"]
[BlackElo "2026"]
[PlyCount "90"]

1.c4 c5 2.Nc3 Nc6 3.g3 {Buchende.} 3...g6 4.Bg2 Bg7 5.Nf3 e5 6.d3 Nge7 7.O-O 
O-O {Buchende.} 8.Qb3 {Der Damenzug bringt nichts, aber immerhin fliegt der
Gegner aus dem Buch.} 8...f5 9.Bg5 h6 10.Bxe7 Nxe7 11.e3 d6 12.Rae1 Rb8 13.Qa4 
Nc6 14.Nh4 Kh7 15.Nf3 Be6 16.a3 Bf6 $10 {Alles ist im Gleichgewicht.} 17.Re2 e4 
18.dxe4 Bxc3 19.bxc3 Qa5 20.Qxa5 Nxa5 21.Nd2 Bxc4 22.Nxc4 Nxc4 23.Ra2 b5 
24.exf5 Rxf5 25.Rb1 Rb6 26.e4 Rf8 27.f4 g5 28.Rb3 $2 {Seltsames Manöver. Will
den a-Bauern gedeckt halten, um nach} ( {Einfach} 28.fxg5 hxg5 29.Rf1 {und
nichts ist los.} ) 28...gxf4 29.Rf2 {spielen zu können.} 29...a5 {Jetzt wird's
schwierig für Weiß am Damenflügel.} 30.a4 bxa4 31.Rxb6 Nxb6 32.gxf4 a3 33.Bh3 
d5 $6 {Da gibt's besseres, z.B.:} ( 33...Rb8 34.Be6 Na4 35.e5 dxe5 36.Bf5+ Kg7 
37.Ra2 Nxc3 38.Rxa3 Ne2+ 39.Kf1 Nd4 40.Be4 exf4 {... Aber das ist für beide
Oldies zu tief.} ) 34.Ra2 ( 34.exd5 Nxd5 35.Ra2 Rxf4 36.Rxa3 {... Und Weiß hat
bessere Chancen.} ) 34...dxe4 35.Rxa3 a4 {(+2.41)} 36.f5 {(-1.1)} 36...Rd8 
37.Ra1 Rd3 38.Bg2 e3 39.Rb1 $2 e2 40.Re1 {(-4.0)} 40...Rd1 {(+6.50)} 41.Kf2 
Rxe1 42.f6 $2 {Challenger macht's kürzer.} 42...a3 43.Be4+ Kg8 44.Kxe1 a2 
45.Kxe2 a1=Q {und Schluss.} 0-1

[Event "Treppenturnier 2023"]
[Site "Turnierstufe"]
[Date "2024.05.22"]
[Round "33-2"]
[White "Citrine"]
[Black "Explorer Pro"]
[Result "0-1"]
[WhiteElo "2037"]
[BlackElo "2041"]
[PlyCount "171"]

1.d4 e6 2.c4 Nf6 3.Nf3 d5 4.Nc3 Be7 {Buchende.} 5.Bg5 O-O 6.e3 {Wieder aus dem
Buch:} 6...h6 7.Bh4 b6 8.cxd5 Nxd5 9.Bxe7 Qxe7 10.Nxd5 exd5 {Erneut Buchende.} 
11.Rc1 {Buchende.} 11...c6 12.Bd3 Bb7 13.Qc2 Na6 14.a3 Nc7 15.O-O Ne6 16.e4 
Rad8 17.e5 c5 18.Qa4 a6 19.Bc2 Rfe8 20.dxc5 bxc5 21.Qb3 $6 {Fragwürdig, denn
jetzt können die zwei Bauern á tempo vorrücken.} 21...d4 ( 21...c4 $1 22.Qa4 d4 
23.Bd1 Bd5 {... ist noch stärker.} ) 22.Rfe1 $2 ( 22.Qd3 {um d3 zu verhindern.} 
) 22...a5 $6 ( {Challenger spielt nicht} 22...d3 $1 23.Bxd3 ( 23.Bd1 Nd4 24.Qc3 
Nxf3+ 25.Bxf3 Bxf3 26.gxf3 Qg5+ 27.Kh1 d2 {...} ) 23...Bxf3 24.Bxa6 Bd5 25.Qe3 
Rb8 26.b4 cxb4 27.axb4 Rxb4 {...} ) 23.Qd3 Nf8 {Citrine kann durchatmen, die
unmittelbare Gefahr ist vorbei.} ( 23...g6 {ist nachhaltiger.} ) 24.Ba4 {Und nun
Remisschaukel?} 24...Nd7 25.b3 {Weiß will weiterspielen.} ( 25.Bc2 Nf8 26.Ba4 
Nd7 {Remis.} ) 25...Rf8 26.Qf5 Bd5 27.Nd2 Nb6 28.Bb5 Be6 29.Qc2 Rc8 30.Ne4 Rfd8 
31.Qd2 Bxb3 32.Qxa5 Nd7 33.Bxd7 Rxd7 34.Rxc5 Rxc5 35.Qxc5 d3 36.Qc3 Bc2 37.f4 
Rd5 38.Ra1 {Sieht gut aus (Turm hinter den Freibauern), eröffnet aber dem
Schwarzen Angriffschancen.} 38...Qa7+ $1 39.Nf2 Qd4 ( {Noch besser, aber kaum zu
errechnen ist:} 39...Rd4 $1 40.Qd2 Ra4 41.f5 Qd4 42.Re1 Qf4 43.Qxf4 Rxf4 44.Re4 
Rxf2 45.Kxf2 d2 46.Rd4 d1=Q 47.Rxd1 Bxd1 {...} ) 40.Qxd4 Rxd4 41.f5 $2 
{verliert.} ( {Die einzige Chance für Citrine ist, auf den a-Bauern zu setzen,
z.B.:} 41.a4 d2 42.a5 Rc4 43.h3 Bb3 44.Ra3 d1=Q+ 45.Nxd1 Bxd1 46.a6 {... Auch
das ist nicht zu errechnen.} ) 41...d2 42.e6 Kf8 43.Kf1 d1=N 44.Nxd1 Bxd1 
{Jetzt kann der a-Bauer nicht mehr laufen.} 45.Rc1 fxe6 46.fxe6 Bb3 47.Rc8+ Ke7 
48.Rc7+ Kf6 49.Rf7+ Kg6 50.Re7 Rd1+ 51.Kf2 Ra1 52.Ke3 Rxa3 53.Kf4 Ra2 54.Ke5 
Rxg2 55.h4 Re2+ 56.Kd6 {Schwarz kann nun ganz simpel auf e6 abtauschen und mit
den Bauern gewinnen, aber er spielt:} 56...Kh5 57.Rxg7 Rxe6+ 58.Kc5 Kxh4 59.Kd4 
Re1 60.Rg6 Kh5 {Rest in je 1 Stunde.} 61.Rg7 Bc2 62.Rg2 Bg6 63.Rg3 Re4+ 64.Kd5 
Rg4 65.Rh3+ Kg5 66.Ke5 h5 67.Re3 h4 68.Re2 h3 69.Rh2 Re4+ 70.Kd5 Re3 71.Rf2 Re1 
72.Kd4 Re4+ 73.Kd5 Rh4 74.Rh2 Kf6 75.Rf2+ Bf5 76.Rh2 Be6+ {Schrecklich. Nur
Geduld!} 77.Kd6 Rd4+ 78.Kc5 Ke5 79.Re2+ Re4 80.Rd2 Rc4+ 81.Kb5 Rh4 82.Rh2 Kd6 
83.Rd2+ Bd5 84.Rh2 Bc6+ 85.Kb6 Rb4+ ( 85...Bg2 $1 {ist ein schöner Zug und Matt
in 8} 86.Kb5 Rd4 87.Kb6 Rb4+ 88.Ka6 Kc6 89.Ka7 Rb3 90.Rh1 Bxh1 91.Ka8 Kc7+ 
92.Ka7 Ra3# ) 86.Ka5 {und Citrine gibt endlich auf (rESiGn).} 0-1

[Event "Treppenturnier 2023"]
[Site "Turnierstufe"]
[Date "2024.05.24"]
[Round "33-3"]
[White "Explorer Pro"]
[Black "Citrine"]
[Result "1-0"]
[WhiteElo "2051"]
[BlackElo "2027"]
[PlyCount "131"]

1.c4 e5 {Buchende.} 2.Nf3 {Buchende.} 2...e4 3.Nd4 Nf6 4.g3 Bc5 5.Nb3 Bb4 6.Bg2 
O-O 7.a3 Bd6 $2 8.O-O Nc6 9.c5 Be7 {Warum nicht gleich nach e7?} 10.Nc3 a5 
11.a4 d5 12.cxd6 cxd6 13.Nxe4 Qb6 14.d4 $14 {Schwarz fehlt ein Bauer und er hat
keine Kompensation dafür.} 14...Bg4 15.Nc3 Rfc8 16.Be3 Qd8 17.Rc1 d5 18.Bg5 Be6 
19.Qd3 Nb4 20.Qd2 b6 21.Rfe1 Bf5 22.Bh4 Ra7 23.Qf4 Bc2 24.Na1 Bg6 25.Rf1 Rc6 
26.Nb5 Rb7 27.Rxc6 Nxc6 28.Rc1 Qd7 29.e3 Nb4 30.Rc7 Rxc7 31.Qxc7 Qe6 32.Nc3 h6 
33.Qb7 Qd6 34.Bxf6 Bxf6 35.Nxd5 $16 {Das effektivere Lavieren bringt dem ExPro
einen weiteren Bauern und eine schöne Stellung ein.} 35...Bd8 36.Nf4 Bf5 37.Qa8 
Qc7 38.b3 $6 ( 38.Nb3 {ist wohl die bessere Wahl.} ) 38...Qc1+ 39.Bf1 Qc7 
40.Bc4 Nc6 41.Bd3 Bxd3 42.Nxd3 Qd6 43.Nc2 g6 44.Nb2 Kg7 45.Nc4 Qd7 46.h4 Kf6 
47.Qa6 Qe6 48.Qb7 Kg7 49.f3 Qf5 50.Ne1 Qe6 51.Nd3 {Während der schwarze Läufer
ein kümmerliches Dasein fristet, werden die weißen Springer zu Riesenrössern.} 
51...Qf5 52.Nf4 Qb1+ 53.Kh2 Qc2+ 54.Ng2 b5 {Nun bricht die schwarze Stellung
zusammen.} 55.Qxb5 Nb4 56.Nxa5 $6 ( {Da ist schon noch mehr drin:} 56.Qd7 $1 
Qxb3 57.Nd6 Bxh4 ( 57...Bb6 58.Nf4 Nd3 59.Nxd3 Qe6 60.Nc5 Qxd7 61.Nxd7 {...} ) 
58.gxh4 Qe6 59.Qd8 Nd5 60.Ne8+ Kh7 61.e4 Qe7 62.Qxe7 Nxe7 63.d5 {...} ) 
56...Bxa5 57.Qe5+ Kg8 58.Qxa5 Qxb3 59.Qb5 Qc3 60.a5 Nc6 61.a6 Kg7 62.Qb7 Nd8 
63.Qb8 Ne6 {und Citrine gibt auf.} 64.a7 Nc7 65.d5 Qa5 66.d6 {...} 1-0

[Event "Treppenturnier 2023"]
[Site "Turnierstufe"]
[Date "2024.05.26"]
[Round "33-4"]
[White "Citrine"]
[Black "Explorer Pro"]
[Result "0-1"]
[WhiteElo "2018"]
[BlackElo "2060"]
[PlyCount "144"]

1.e4 e6 2.d4 d5 3.Nd2 dxe4 4.Nxe4 Nd7 5.Nf3 Ngf6 {Buchende.} 6.Bd3 Nxe4 7.Bxe4 
Nf6 8.Bg5 {Buchende.} 8...c5 9.Bxf6 gxf6 ( 9...Qxf6 10.Qd3 a6 11.O-O g6 12.Rad1 
{usw. ist nicht besser.} ) 10.O-O f5 11.Bd3 cxd4 12.Nxd4 Bg7 13.c3 Rg8 14.Re1 
Bxd4 15.cxd4 Qd5 16.g3 Rg4 17.Qc2 Bd7 18.Bxf5 $2 {Citrine spielt den
fragwürdigen Zug nicht wegen fehlender Rechentiefe, sondern weil er das
Materialverhältnis anders bewertet als der ExPro.} 18...Bc6 19.Qxc6+ bxc6 
20.Bxg4 Rd8 {(-1.2)} 21.b3 {(-00.04)!} 21...Qxd4 22.Bf3 c5 23.Rac1 Qb2 24.Rxc5 
Rd2 25.Rc8+ Kd7 26.Rec1 Rxf2 27.R1c7+ Kd6 28.Rxf7 Rc2 29.Rxc2 Qxc2 30.Rb7 Qxa2 
31.Be4 h6 32.Bf3 e5 33.b4 Qd2 34.h3 e4 35.Bg4 Kc6 36.Rh7 Kb5 ( {Warum nicht
einfach} 36...Qxb4 37.Rxh6+ Kd5 38.Rh5+ Kd4 39.Rh7 a5 {...} ) 37.Rb7+ Kc4 
38.Kf1 e3 39.Be2+ Kb3 40.Re7 Kxb4 41.Rb7+ Kc5 42.Re7 a5 43.Re6 Qd7 {Warum
einfach, wenn es auch umständlich geht?} ( 43...a4 44.Ra6 a3 45.h4 a2 46.g4 
Qc1+ {...} ) 44.Rxe3 Qxh3+ 45.Ke1 a4 46.Ra3 Kb4 47.Re3 a3 48.Re4+ Kc5 49.Rc4+ 
Kd5 50.Ra4 Qxg3+ 51.Kd2 Qh3 52.Bd3 Qg2+ 53.Be2 Qg5+ 54.Kd3 Qg6+ 55.Kc3 Qg7+ 
56.Kd3 Kc5 57.Ra5+ Kb4 58.Ra6 Qc7 59.Kd2 Kb3 60.Ke3 a2 61.Ke4 Qb7+ 62.Ke3 Qxa6 
63.Bxa6 a1=Q 64.Be2 Qe5+ 65.Kd3 Kb4 66.Bf3 h5 67.Be2 h4 68.Bf3 h3 69.Ba8 Qc3+ 
70.Ke4 h2 71.Kf4 Qc7+ 72.Kg4 Qc8+ {und Schluss.} 0-1